| 000 | 00937nam a2200301Ia 4500 | ||
|---|---|---|---|
| 001 | Z_1700 | ||
| 003 | CHAP | ||
| 008 | 220113s1999 xx 000 0 und d | ||
| 010 | _a164792 | ||
| 040 | _cCHAP | ||
| 090 | _aTesis M 1356 | ||
| 100 |
_aMorales Terán, Gladis _978425 |
||
| 245 |
_aEvaluación del gel de sábila (Aloe vera) como crioprotector durante el congelamiento de semen de carnero / _cpor Gladis Morales Terán y Jacobo Nieto Matus |
||
| 260 |
_aChapingo, Méx. : _bEl autor, _c1999 |
||
| 300 | _a58 h | ||
| 502 | _aTesis (Ing. Agr. Esp. en Zootecnia) -- UACH. Departamento de Zootecnia | ||
| 650 |
_aAloe vera _94554 |
||
| 650 |
_aInseminación artificial _958964 |
||
| 650 |
_aSemen _xCongelación _9103857 |
||
| 650 |
_aSemen _xGanado lanar _9103863 |
||
| 700 |
_aNieto Matus, Jacobo _981275 |
||
| 901 | _aTESIS M 1356 | ||
| 902 | _aM | ||
| 910 | _a1999 | ||
| 942 | _c2 | ||
| 942 | _c2 | ||
| 999 |
_c164792 _d164792 |
||